[Event "11th American Continental Women 2018"]
[Site "Envigado"]
[Date "2018.11.19"]
[Round "4.14"]
[White "Moncada Correa, Sara"]
[Black "Barria Baker, Raisa Melissa"]
[Result "1/2-1/2"]
[WhiteElo "1792"]
[BlackElo "1941"]
[Annotator "NA RC"]
[PlyCount "94"]
[EventDate "2018.11.17"]
[EventType "swiss"]
[EventRounds "9"]
[EventCountry "COL"]
[SourceTitle "playchess.com"]
[Source "ChessBase"]
[SourceQuality "1"]
[TimeControl "40/5400+30:1800+30"]

1. d4 d5 2. c4 c6 3. Nf3 Nf6 4. Qc2 g6 5. Bf4 Bf5 6. Qb3 Qb6 7. Nbd2 Nbd7 8. e3 Bg7 9. Be2 O-O 10. h3 Rac8 11. c5 Qxb3 12. axb3 a6 13. b4 Ne4 14. Nb3 f6 15. g4 e5 16. gxf5 exf4 17. fxg6 hxg6 18. exf4 Kf7 19. Na5 Rc7 20. Nh4 Rh8 21. Ng2 f5 22. Nb3 Nf8 23. h4 Ne6 24. Rd1 Re7 25. h5 Kf6 26. Rh3 g5 27. f3 g4 28. fxg4 fxg4 29. Bxg4 Bh6 30. Bxe6 Rxe6 31. Kf1 Rg8 32. Rdd3 Rg4 33. Rdf3 Re8 34. Rh4 Rg7 35. Rhh3 Reg8 36. Rh2 Rg4 37. Rd3 Ke6 38. Rf3 Kf6 39. Rd3 Re8 40. Rhh3 Reg8 41. Rh2 Ke6 42. Rf3 Kd7 43. f5 Ke7 44. Nh4 Rg1+ 45. Ke2 Kf6 46. Ng6 Re8 47. Ne5 Reg8 1/2-1/2

[Event "11th American Continental Women 2018"]
[Site "Envigado"]
[Date "2018.11.19"]
[Round "4.15"]
[White "Zapata, Olga Maria"]
[Black "Hoyos Garces, Rosana"]
[Result "1/2-1/2"]
[WhiteElo "1695"]
[BlackElo "1586"]
[Annotator "NA RC"]
[PlyCount "60"]
[EventDate "2018.11.17"]
[EventType "swiss"]
[EventRounds "9"]
[EventCountry "COL"]
[SourceTitle "playchess.com"]
[Source "ChessBase"]
[SourceQuality "1"]
[TimeControl "40/5400+30:1800+30"]

1. d4 Nf6 2. c4 d5 3. cxd5 Nxd5 4. e4 Nf6 5. Nc3 e6 6. a3 Be7 7. Nf3 O-O 8. Bc4 c5 9. O-O Nc6 10. dxc5 Bxc5 11. b4 Bd6 12. Bb2 Ne5 13. Nxe5 Bxe5 14. Qxd8 Rxd8 15. Rad1 Bd7 16. f3 Rac8 17. Na4 Bxh2+ 18. Kxh2 Bxa4 19. Rxd8+ Rxd8 20. Rf2 Nh5 21. g3 b5 22. Bf1 Nf6 23. g4 Ne8 24. Be5 f6 25. Bb2 Nc7 26. Kg3 Na8 27. Bc1 a6 28. Be3 Nc7 29. Bb6 Rd7 30. Bd3 Ne8 1/2-1/2

[Event "11th American Continental Women 2018"]
[Site "Envigado"]
[Date "2018.11.20"]
[Round "5.1"]
[White "Fernandez, Maria Florencia"]
[Black "Llaudy Pupo, Lisandra"]
[Result "1-0"]
[WhiteElo "2198"]
[BlackElo "2302"]
[Annotator "TA"]
[PlyCount "84"]
[EventDate "2018.11.17"]
[EventType "swiss"]
[EventRounds "9"]
[EventCountry "COL"]
[SourceTitle "playchess.com"]
[Source "ChessBase"]
[SourceQuality "1"]

{[%evp 25,84,26,41,19,47,22,32,23,21,29,53,58,51,43,51,0,61,54,62,59,60,58,54,34,55,55,56,44,54,46,70,67,95,83,126,102,102,102,104,116,147,144,245,233,245,164,164,164,206,174,568,556,1498,958,29988,29989,29989,29990,29991,29992,29999]} 1. d4 Nf6 2. c4 e6 3. Nf3 Bb4+ 4. Nbd2 b6 5. a3 Bxd2+ 6. Qxd2 Bb7 7. e3 d6 8. Be2 Nbd7 9. O-O a5 10. b3 {[%cal Bb2b3,Bb3b4][%mdl 32]} O-O 11. Bb2 Qe7 12. b4 {E14: Queen's Indian: Classical Variation (4 e3)} (12. Qc2 c5 13. Rfd1 Rfd8 14. Qc3 Ne4 15. Qe1 h6 16. Nd2 Nef6 17. Nb1 cxd4 18. exd4 e5 19. Bf1 e4 {1-0 (64) Wojtaszek,R (2742)-Moiseenko,A (2698) Germany 2015}) 12... Ne4 13. Qc2 f5 {LiveBook: 21 Games} 14. Bd3 {White is slightly better.} Ndf6 15. Nd2 (15. Rac1 {looks sharper.} axb4 16. axb4 Qf7 17. Nd2 Nxd2 18. Qxd2 h5 19. f3) 15... axb4 $146 ({Predecessor:} 15... Nxd2 16. Qxd2 {0-1 (36) Chaude de Silans,C-Balanel,I Bucharest 1955}) 16. axb4 Rxa1 17. Bxa1 Nxd2 18. Qxd2 Ra8 19. f3 Qd7 20. d5 ({Better is} 20. b5 $14) 20... e5 ({Black should try} 20... exd5 $11 21. Bxf6 gxf6) 21. Qc2 Bc8 22. Bb2 Qa4 23. Qc3 ({Worse is} 23. Bxf5 Bxf5 24. Qxf5 Qb3 $17) 23... Qe8 24. Bc2 Kh8 25. f4 {[%cal Rf4e5]} e4 26. Bb3 Qe7 27. Rc1 Nd7 28. Qd2 Bb7 29. Bd4 h6 30. Qc3 Kh7 31. Ra1 Rxa1+ 32. Qxa1 {Qa7 is the strong threat.} Qf8 33. Ba4 Nb8 {[#]} (33... Bc8 $16 {is a better defense.} 34. Bb5 Kg8) 34. Bb5 $1 $18 Qg8 35. Qa7 Qc8 36. c5 bxc5 37. bxc5 {aiming for c6.} dxc5 $2 (37... c6) 38. Qxc5 Qd8 39. d6 {[%mdl 64] [#] Discovered Attack} Qxd6 40. Qxf5+ {White mates.} Qg6 41. Qf8 Nc6 42. Bc4 {[%csl Gc4][%cal Rf8g8]} Nb8 {Accuracy: White = 63%, Black = 25%.} 1-0

[Event "11th American Continental Women 2018"]
[Site "Envigado"]
[Date "2018.11.20"]
[Round "5.2"]
[White "Cori T., Deysi"]
[Black "Rivera, Ingris"]
[Result "1-0"]
[WhiteElo "2406"]
[BlackElo "2188"]
[Annotator "TA"]
[PlyCount "83"]
[EventDate "2018.11.17"]
[EventType "swiss"]
[EventRounds "9"]
[EventCountry "COL"]
[SourceTitle "playchess.com"]
[Source "ChessBase"]
[SourceQuality "1"]

{[%evp 18,83,-39,-16,-13,-22,-15,-18,43,0,0,-22,137,124,128,125,127,134,127,133,129,132,185,198,210,201,325,350,329,203,350,184,167,193,213,206,533,596,616,601,602,610,609,609,592,593,603,599,578,575,750,727,737,731,731,724,837,831,848,817,820,815,963,955,944,936,966,963]} 1. d4 Nf6 2. Nf3 g6 3. g3 Bg7 4. Bg2 O-O 5. O-O d6 6. b3 e5 7. dxe5 dxe5 8. Bb2 e4 {A49: 1 d4 Nf6 2 Nf3 g6 3 g3: Anti-King's Indian systems} 9. Ng5 (9. Qxd8 Rxd8 10. Ng5 Re8 11. Nc3 h6 12. Nh3 g5 13. Rfd1 Na6 14. Nb5 Bf5 15. Nd4 Bg6 16. e3 c6 17. Rd2 Rad8 18. Rad1 Bh5 19. f3 exf3 20. Nxf3 Rxd2 21. Rxd2 Ne4 22. Bxg7 {0-1 (22) Kovalev,V (2639)-Onischuk,V (2637) Riadh 2017}) 9... Qe7 10. Nc3 {[%cal Rg5e4] LiveBook: 3 Games} Rd8 {The position is equal.} 11. Qc1 {[%cal Rg5e4]} Bf5 12. h3 $146 ({Predecessor:} 12. Bh3 Bh6 13. Bxf5 gxf5 14. h4 Ng4 15. Qf4 e3 16. f3 {1-0 (46) Tsifanskaya,L (2092)-Bartos,J (2233) Teplice 2015}) 12... Bh6 ({Black should try} 12... h5 $11) 13. Qe3 (13. g4 $5 {[%cal Rg4f5]}) 13... Nc6 14. g4 Ne8 $2 (14... Be6 $11) 15. gxf5 $16 gxf5 16. f4 Bg7 {Strongly threatening ...Bd4.} 17. Kh1 h6 18. Ngxe4 $1 fxe4 19. Qxe4 Qf8 (19... Qxe4 $16 {was worth a try.} 20. Bxe4 Nd6) 20. Rg1 $18 Kh8 21. Bf3 Rd4 (21... f5 $142 22. Qe3 Qe7 23. Qxe7 Nxe7 24. Bxb7 Rab8) 22. Qf5 Ne7 23. Qc5 b6 (23... Rxf4 $142 24. Bxb7 Rd8) 24. Qa3 (24. Qh5 $142 Rad8 25. Rxg7 $1 {[%mdl 512]} Qxg7 26. Rg1) 24... Rad8 25. Ne4 f5 26. Nf2 {Threatens to win with Rxg7.} Rxf4 $2 {[#]} (26... R4d6 27. Be5 Re6 28. Bxg7+ (28. Qxa7 Bxe5 29. fxe5 Ng6 $16) 28... Nxg7 29. Qxa7 Ne8) 27. Rxg7 $1 {[%mdl 512] White is clearly winning.} Nxg7 28. Rg1 Rfd4 29. e3 {[%mdl 64] Pin} R4d6 30. Bxg7+ Qxg7 31. Rxg7 Kxg7 32. Qxa7 R8d7 33. Nd3 c5 34. Qa4 Ng6 35. Kg2 Re7 36. Kf2 Rf7 37. Bh5 Re7 38. Bxg6 Rxg6 39. Qa8 Rge6 40. Nf4 Rd6 41. Kf3 Rd1 42. Qc6 {Accuracy: White = 78%, Black = 35%.} 1-0

[Event "11th American Continental Women 2018"]
[Site "Envigado"]
[Date "2018.11.20"]
[Round "5.3"]
[White "Besso, Guadalupe"]
[Black "Perez Rodriguez, Jennifer"]
[Result "1/2-1/2"]
[WhiteElo "2069"]
[BlackElo "2203"]
[Annotator "TA"]
[PlyCount "45"]
[EventDate "2018.11.17"]
[EventType "swiss"]
[EventRounds "9"]
[EventCountry "COL"]
[SourceTitle "playchess.com"]
[Source "ChessBase"]
[SourceQuality "1"]

{[%evp 27,45,14,8,0,17,0,0,0,0,0,0,0,0,0,0,0,0,0,0,0]} 1. d4 d5 2. Nf3 Nf6 3. c4 e6 4. Nc3 Be7 5. Bg5 O-O 6. e3 Nbd7 7. Rc1 c6 8. Bd3 dxc4 9. Bxc4 Nd5 10. Bxe7 Qxe7 11. O-O Nxc3 12. Rxc3 e5 13. Nxe5 Nxe5 14. dxe5 Qxe5 {The position is equal.} 15. Re1 {D69: Queen's Gambit Declined: Classical Main Line with 9...Nd5 and 12...e5 13 dxe5} (15. Qc2 Bf5 16. Bd3 Bxd3 17. Rxd3 Rad8 18. b3 Qa5 {½-½ (18) Sunye Neto,J (2488)-Garcia Palermo,C (2390) Caioba 2018}) 15... Be6 16. Qb3 $146 ({Predecessor:} 16. Bxe6 Qxe6 17. a3 Rfd8 18. Qc2 Rd5 19. Rd1 Rad8 20. Rcd3 h5 21. Rxd5 Rxd5 22. Rxd5 Qxd5 {0-1 (41) Caporali,D (1668)-Gatto,L (2071) Napoli 2017}) 16... Bxc4 17. Rxc4 Qc7 18. Rd4 Rad8 19. Red1 Rxd4 20. Rxd4 Rd8 21. Qc3 h6 22. g3 Rxd4 23. Qxd4 1/2-1/2

[Event "11th American Continental Women 2018"]
[Site "Envigado"]
[Date "2018.11.20"]
[Round "5.4"]
[White "Arribas Robaina, Maritza"]
[Black "Ortiz Verdesoto, Anahi"]
[Result "1/2-1/2"]
[WhiteElo "2257"]
[BlackElo "2115"]
[Annotator "TA"]
[PlyCount "90"]
[EventDate "2018.11.17"]
[EventType "swiss"]
[EventRounds "9"]
[EventCountry "COL"]
[SourceTitle "playchess.com"]
[Source "ChessBase"]
[SourceQuality "1"]

{[%evp 13,90,0,0,0,0,0,0,0,13,3,31,22,25,33,31,19,38,8,13,19,21,16,13,2,26,6,26,26,35,30,30,30,37,37,44,28,33,14,17,31,18,12,38,34,55,56,39,11,59,24,49,24,30,10,10,10,3,3,10,7,12,0,0,0,0,0,0,0,0,0,0,0,0,0,0,0,0,0,0]} 1. e4 e5 2. Nf3 Nc6 3. Bb5 a6 4. Ba4 Nf6 5. O-O Be7 6. Bxc6 dxc6 7. Nxe5 {C85: Closed Ruy Lopez: Deferred Exchange Variation} (7. d3 Nd7 8. Nbd2 O-O 9. Nc4 Bd6 10. d4 Qe7 11. Re1 Re8 12. b3 c5 13. dxe5 Nxe5 14. Nxd6 cxd6 15. Nd2 Ng4 16. Nf3 Ne5 17. Nd2 Ng4 18. Nf3 {½-½ (18) Andreikin,D (2702)-Kovalev,V (2650) Minsk 2018}) 7... Nxe4 {LiveBook: 5 Games} 8. d3 Nf6 9. Nc3 O-O 10. h3 Bd6 $146 ({Predecessor:} 10... Re8 11. Re1 Bc5 12. Nf3 h6 13. Rxe8+ Qxe8 14. Bf4 {1-0 (60) Ilkovic,F (1975)-Kekely,L (2116) Slovakia 2011}) 11. Nc4 h6 12. Qf3 Be6 13. Nxd6 cxd6 14. Bf4 Bd5 15. Qg3 {And now Bxh6 would win.} Nh5 16. Qh2 Nxf4 17. Qxf4 Be6 18. Ne4 d5 (18... Qb6 {is interesting.} 19. b4 Rfd8 20. Rfb1 Qc7 21. a4 a5) 19. Nc5 b6 (19... Bc8 {keeps more tension.} 20. Na4 b6 21. d4 Re8 22. Rae1 Be6) 20. Nxe6 fxe6 21. Qe5 Qd7 22. Rae1 Rae8 23. Qg3 Rf5 24. Re5 Ref8 25. Rxf5 exf5 $14 {[%mdl 4096] Endgame KQR-KQR} 26. Re1 Re8 27. Re5 Rxe5 28. Qxe5 $11 {KQ-KQ} b5 29. b4 Kf7 30. Kf1 Qc8 31. f4 g6 32. Kf2 Qd8 33. Ke3 a5 {The position is equal.} 34. a3 axb4 35. axb4 Qb6+ 36. Kf3 Qd8 37. g4 fxg4+ 38. hxg4 Qf6 39. Qc7+ Kg8 40. Qd7 Kf8 41. Kg3 Qe7 42. Qxc6 {[#] Threatens to win with Qc5.} Qe3+ 43. Kg2 {Hoping for Qf6+.} Qe2+ 44. Kg3 Qe3+ 45. Kg2 {aiming for Qf6+.} Qe2+ {Precision: White = 52%, Black = 58%.} 1/2-1/2

[Event "11th American Continental Women 2018"]
[Site "Envigado"]
[Date "2018.11.20"]
[Round "5.5"]
[White "Cosme Contreras, Trilce"]
[Black "Marrero Lopez, Yaniet"]
[Result "0-1"]
[WhiteElo "1829"]
[BlackElo "2253"]
[Annotator "TA"]
[PlyCount "60"]
[EventDate "2018.11.17"]
[EventType "swiss"]
[EventRounds "9"]
[EventCountry "COL"]
[SourceTitle "playchess.com"]
[Source "ChessBase"]
[SourceQuality "1"]

{[%evp 19,60,23,27,22,34,5,19,-61,-68,-63,-49,-67,-77,-71,-54,-54,-54,-54,-56,-50,-56,-147,-140,-154,-108,-168,-174,-150,-107,-152,-151,-116,-98,-94,-92,-152,-152,-144,-144,-148,-149,-715,-701]} 1. c4 e5 2. Nc3 d6 3. g3 g6 4. Bg2 Bg7 5. d3 Ne7 6. e3 O-O 7. Nge2 Nd7 8. O-O f5 9. Rb1 Nf6 10. b4 {[%cal Bb2b4,Bb4b5][%mdl 32]} c6 11. b5 {A25: English Opening vs King's Indian with ...Nc6 but without early d3} c5 12. d4 $146 ({Predecessor:} 12. Qb3 g5 13. f4 gxf4 14. gxf4 Ng6 15. Nd5 Kh8 16. Nec3 Nh4 17. Bh3 Be6 18. Bd2 Bf7 {½-½ (26) Kirschner,A (2201)-Bukacek,E (2259) Austria 2005}) 12... e4 13. Kh1 (13. f3 $11) 13... Be6 $15 14. d5 Bf7 15. f3 exf3 16. Bxf3 Nd7 17. Bg2 Ne5 18. Qb3 g5 19. e4 h6 20. Be3 ({White should play} 20. exf5 $15 Bh5 21. f6 Rxf6 22. Rxf6 Bxf6 23. h3) 20... Bg6 $17 21. Bg1 Rf7 22. a4 (22. Rbd1 $17 {keeps fighting.}) 22... Qd7 $19 23. exf5 Bxf5 24. Ne4 Raf8 {[#] White must now prevent ...Bxe4.} 25. Qc2 Kh8 26. Rbe1 Ng8 27. Nc1 {[#]} (27. Rc1 $142) 27... Nf6 $1 $17 {[%cal Rf6e4]} 28. Nxf6 Bxc2 29. Nxd7 Rxf1 30. Bxf1 $4 {[%mdl 8192]} (30. Rxf1 $17 Nxd7 31. Rxf8+ Bxf8 32. Bf1) 30... Rxf1 {Accuracy: White = 28%, Black = 72%.} ({Weaker is} 30... Nxd7 31. Bd3 $17) 0-1

[Event "11th American Continental Women 2018"]
[Site "Envigado"]
[Date "2018.11.20"]
[Round "5.6"]
[White "Franco Valencia, Beatriz Irene"]
[Black "Gonzalez Ochoa, Yoana"]
[Result "1/2-1/2"]
[WhiteElo "2191"]
[BlackElo "2058"]
[Annotator "TA"]
[PlyCount "69"]
[EventDate "2018.11.17"]
[EventType "swiss"]
[EventRounds "9"]
[EventCountry "COL"]
[SourceTitle "playchess.com"]
[Source "ChessBase"]
[SourceQuality "1"]

{[%evp 25,69,25,29,4,8,14,18,-25,-31,-16,0,0,12,16,11,-32,-25,-96,-75,-72,-89,-106,-104,-104,-17,-8,-18,-26,0,0,17,-31,-13,-29,0,-37,0,-127,-104,-129,-77,-152,0,-116,0,-160]} 1. d4 d5 2. c4 c6 3. cxd5 cxd5 4. Bf4 Nc6 5. e3 Nf6 6. Nc3 a6 7. Bd3 Bg4 8. Nge2 e6 9. O-O Be7 10. Rc1 O-O {D10: Slav Defence: 3 cxd5 (without early Nf3) and 3 Nc3} 11. Na4 Nd7 12. f3 (12. Qb3 Nb4 13. Ng3 b5 14. Nc5 Bxc5 15. dxc5 Nxd3 16. Qxd3 e5 17. c6 exf4 18. exf4 {0-1 (37) Tregubov,P (2575)-Movsesian,S (2647) Riadh 2017}) 12... Bh5 13. Qb3 Ra7 {LiveBook: 27 Games} 14. a3 Bg6 15. Bxg6 hxg6 16. Nc5 $146 ({Predecessor:} 16. Qd3 Nb6 17. Nxb6 Qxb6 18. b4 {½-½ (18) Doric,D (2482)-Ruck,R (2534) Vogosca 2007}) 16... Nxc5 17. dxc5 Qa5 18. Qc2 g5 19. Bg3 $1 Rc8 20. Be1 Qd8 21. Nd4 (21. f4 $11) 21... Raa8 {Hoping for ...Bxc5!} 22. b4 b6 23. Qa4 {[#]} Ne5 $1 {[%cal Rb6c5]} 24. Bg3 {[#]} b5 (24... Nc4 $1 $17 25. e4 bxc5) 25. Qb3 $36 {[%mdl 2048] Black is under pressure.} Nc4 26. Rfd1 Bf6 27. e4 e5 28. Nc2 d4 29. a4 Qe8 30. Ra1 Qc6 (30... g4 $5) 31. Rd3 {[#]} (31. h3 $11 {remains equal.}) 31... g4 $1 {[%mdl 512]} 32. Na3 (32. fxg4 Qxe4) 32... Ne3 (32... gxf3 $142 33. gxf3 Nxa3 34. Rxa3 a5 35. axb5 Qxb5 36. bxa5 Qxc5) 33. Nc2 (33. a5 $142) 33... Nc4 34. Na3 $1 Ne3 35. Nc2 {Accuracy: White = 41%, Black = 37%.} 1/2-1/2

[Event "11th American Continental Women 2018"]
[Site "Envigado"]
[Date "2018.11.20"]
[Round "5.7"]
[White "Roca Rojas, Ana Flavia"]
[Black "Cervantes Landeiro, Thalia"]
[Result "0-1"]
[WhiteElo "2132"]
[BlackElo "2098"]
[Annotator "TA"]
[PlyCount "120"]
[EventDate "2018.11.17"]
[EventType "swiss"]
[EventRounds "9"]
[EventCountry "COL"]
[SourceTitle "playchess.com"]
[Source "ChessBase"]
[SourceQuality "1"]

{[%evp 14,120,-15,-29,-14,0,2,-9,0,-11,0,-11,8,2,11,10,14,0,0,-6,0,0,11,0,15,7,4,11,32,40,30,16,34,25,33,6,23,0,52,30,54,42,42,55,45,17,75,75,131,131,116,131,113,16,15,0,0,0,0,0,0,0,0,-71,-77,-94,-87,-87,-80,-96,-71,-86,-86,-114,-114,-208,-177,-164,-12,-263,-189,-215,-135,-135,-135,-414,-381,-372,-351,-520,-347,-625,-617,-650,-659,-606,-555,-899,-773,-1502,-1455,-4630,-4602,-29974,-29975,-29970,-29970,-29968,-29972]} 1. e4 e5 2. Nc3 Nc6 3. Bc4 Nf6 4. d3 Na5 5. Nf3 Nxc4 6. dxc4 Bb4 7. Bd2 {C28: Vienna Game: 2...Nf6 3 Bc4 Nc6} (7. Qd3 d6 8. Bd2 Nd7 9. a3 Nc5 10. Qe3 Bxc3 11. Bxc3 Qe7 12. O-O-O a5 13. Nd2 Na4 14. Nb3 Nxc3 15. Qxc3 {1-0 (71) Jerez Perez,A (2405)-Valsecchi,A (2506) Escaldes 2017}) 7... d6 8. Qe2 {LiveBook: 6 Games} Be6 9. O-O-O {The position is equal.} Nd7 $146 ({Predecessor:} 9... h6 10. Nd5 Bxd2+ 11. Rxd2 b6 12. h3 Bxd5 13. cxd5 Qd7 14. Kb1 a5 {1-0 (57) Ljubarskij,J (2341)-Schulz,W (2161) Davos 2006}) 10. Kb1 Bxc3 11. Bxc3 Qe7 12. Nd2 {[%cal Bf3d2,Bd2f1,Bf1e3][%mdl 32]} O-O-O 13. Nf1 f5 14. exf5 Bxf5 15. Ne3 Be6 16. Rhe1 Rdf8 17. f3 Qg5 18. b3 h5 19. Nd5 Bxd5 20. Rxd5 h4 21. h3 Kb8 22. Bd2 Qg3 23. Be3 Nf6 24. Rdd1 e4 25. Rf1 exf3 (25... b6 $11) 26. Qxf3 Qg6 27. Bd4 Nd7 28. Qd3 Qg5 29. Qc3 Ne5 (29... b6 $11) 30. c5 $16 Qxg2 {[#]} (30... Rxf1 $142 31. Rxf1 Re8) 31. Rg1 $1 {[%cal Rg1g2]} Qe2 32. Rde1 Qf3 33. Bxe5 (33. Rxg7 $16 Qxc3 34. Bxc3) 33... dxe5 $11 34. Qxe5 Qxh3 35. Rxg7 Qc8 {And now ...Re8 would win.} 36. Qh2 Qd8 37. a4 {next Ree7 is good for White.} Re8 38. Reg1 (38. Rxe8 $11 {keeps the balance.} Rxe8 39. a5) 38... Re7 $17 39. Ka2 Rxg7 40. Rxg7 {[%mdl 4096] Endgame KQR-KQR} h3 41. Rf7 a6 42. Rg7 Rh5 43. Rg3 Qh8 ({Don't play} 43... Rxc5 $6 44. Rxh3 Qf6 45. Re3 $11) 44. c3 (44. Re3 $17 {was necessary.}) 44... Ka7 {[#] White must now prevent ...Qe5.} 45. Rf3 c6 $2 ({Black should try} 45... Qc8 $19 46. Kb2 Rh7) 46. Rd3 $2 {[%mdl 8192]} (46. Qd6 $1 $11 {and White has nothing to worry.}) 46... Qb8 47. Rd2 Qxh2 48. Rxh2 $19 {KR-KR} Kb8 ({Of course not} 48... Rxc5 $6 49. Rxh3 Rg5 50. Ka3 $11) 49. Kb2 $2 {[%mdl 8192]} (49. Ka3 $17) 49... Kc7 50. Kc2 Kd7 51. Kd2 (51. Kd3 $142 Ke6 52. Ke4) 51... Ke6 52. Ke2 $2 (52. b4) 52... Kd5 53. Kf3 Kxc5 54. Kg4 Rh8 55. Kf4 a5 56. Kg4 b5 57. axb5 cxb5 {[%cal Bc6b5,Bb5a4][%mdl 32]} 58. Rh1 h2 {Black mates.} 59. Kf4 a4 60. bxa4 bxa4 {Accuracy: White = 41%, Black = 47%.} 0-1

[Event "11th American Continental Women 2018"]
[Site "Envigado"]
[Date "2018.11.20"]
[Round "5.8"]
[White "Miranda Rodriguez, Tania"]
[Black "Rodriguez Rueda, Paula Andrea"]
[Result "0-1"]
[WhiteElo "2246"]
[BlackElo "2275"]
[Annotator "TA"]
[PlyCount "82"]
[EventDate "2018.11.17"]
[EventType "swiss"]
[EventRounds "9"]
[EventCountry "COL"]
[SourceTitle "playchess.com"]
[Source "ChessBase"]
[SourceQuality "1"]

{[%evp 29,82,52,56,7,47,10,39,0,12,-31,18,0,103,96,96,44,22,-22,-25,-22,-29,-52,10,-29,35,-39,0,-72,0,-53,-8,-8,-8,-8,-8,-10,-12,-21,0,-159,-163,-174,-160,-198,-197,-185,-118,-291,-285,-464,-463,-441,-418,-409,-391]} 1. e4 c5 2. Nf3 d6 3. d4 cxd4 4. Nxd4 Nf6 5. Nc3 a6 6. Be3 e5 7. Nb3 Be6 8. f3 Be7 9. Qd2 O-O 10. O-O-O Nbd7 11. g4 b5 12. g5 Nh5 13. Kb1 {B90: Sicilian Najdorf: Unusual White 6th moves, 6 Be3 Ng4 and 6 Be3 e5} (13. Nd5 Bxd5 14. exd5 f6 15. gxf6 Bxf6 16. Kb1 Nf4 17. Na5 Nb6 18. Nc6 Qc7 19. Bxf4 exf4 20. c3 Rae8 21. Rg1 {½-½ (88) So,W (2776)-Wojtaszek,R (2727) Batumi 2018}) 13... b4 14. Nd5 Bxd5 15. exd5 a5 {LiveBook: 19 Games} 16. Nc1 Nb6 $146 ({Predecessor:} 16... Qb8 17. Ne2 f5 18. Ng3 Nxg3 19. hxg3 g6 20. Bd3 Rf7 {½-½ (79) Van Lishout,F (2065)-Spaan,N (2098) Belgium 2017}) 17. b3 Qc7 18. Qf2 Rfb8 19. h4 a4 20. Bb5 a3 (20... Ra5 $11 21. Bc6 f5) 21. Bc6 $16 {aiming for Bxb6.} Ra5 22. Rhg1 (22. f4 $16) 22... f5 $14 {[%cal Bf7f5,Bf5f4][%mdl 32]} 23. Ne2 f4 24. Bxb6 Rxb6 25. Rc1 Rc5 (25... Rb8 $15) 26. c3 Qb8 (26... Qc8 $11) 27. Qe1 (27. c4 $14) 27... g6 28. Qd2 {[#]} (28. c4 $11) 28... Ng7 (28... Qc8 $1 $17) 29. Qd3 ({White should play} 29. cxb4 $11 Rxb4 30. Bd7) 29... Qc8 (29... Qa7 {with more complications.} 30. Rgf1 Rb8 31. Rg1 Nh5 32. cxb4 Rxc1+ 33. Rxc1 Ng3) 30. cxb4 Rxb4 31. Rxc5 dxc5 32. d6 Qxc6 33. dxe7 c4 34. Qd8+ $2 (34. Qc3 $1 $11 Qd6 35. Re1) 34... Ne8 $17 35. Rc1 Kf7 36. Qa5 Qd6 $40 {[%mdl 128] Black is out for blood.} 37. Rc3 {[#]} cxb3 ({Resist} 37... Qxe7 38. Qxa3 Qb7 39. Kc1 $15) (37... Rb7 $1 $19 38. Rxc4 Qd3+ 39. Rc2 Rc7) 38. Qxa3 $2 (38. axb3 $17 Rb7 39. Qd8) 38... bxa2+ $19 ({Stronger than} 38... Kxe7 39. Rxb3 Rc4 40. Rb7+ Rc7 41. Qb3 $11) 39. Kxa2 $2 (39. Ka1) 39... Qd2+ 40. Ka1 Qd1+ 41. Rc1 Ra4 {Accuracy: White = 22%, Black = 35%.} 0-1

[Event "11th American Continental Women 2018"]
[Site "Envigado"]
[Date "2018.11.20"]
[Round "5.9"]
[White "Aliaga Fernandez, Ingrid Y"]
[Black "Toro Castaneda, Elizabeht"]
[Result "1-0"]
[WhiteElo "2194"]
[BlackElo "1932"]
[Annotator "TA"]
[PlyCount "89"]
[EventDate "2018.11.17"]
[EventType "swiss"]
[EventRounds "9"]
[EventCountry "COL"]
[SourceTitle "playchess.com"]
[Source "ChessBase"]
[SourceQuality "1"]

{[%evp 22,89,72,53,62,56,69,69,64,64,72,60,68,63,58,49,76,42,68,35,45,25,34,19,26,8,23,16,23,16,23,0,33,24,32,15,16,0,0,0,0,0,0,0,122,131,132,119,157,130,148,156,460,444,477,511,503,493,608,588,1065,1173,1115,1121,1007,767,1199,852,5220,5214]} 1. e4 c5 2. Nf3 Nc6 3. d4 cxd4 4. Nxd4 g6 5. c4 Bg7 6. Be3 Nf6 7. Nc3 d6 8. Be2 O-O 9. O-O Bd7 10. Nb3 a5 11. Nd2 {B38: Sicilian: Maroczy Bind with 5...Bg7 and 7...0-0} Ne5 (11... Bc8 12. Rc1 Nd7 13. Nb3 a4 14. Nd4 Nxd4 15. Bxd4 Bxd4 16. Qxd4 Qb6 17. Qxb6 Nxb6 18. f4 Be6 {½-½ (31) Zherebukh,Y (2633)-Edouard,R (2612) Saint Louis 2018}) 12. f3 {LiveBook: 3 Games} Bc6 13. Rc1 {White is slightly better.} Ned7 14. Nb3 a4 15. Nd4 Qa5 16. Qd2 $146 ({Predecessor:} 16. Qe1 Rfc8 17. Qf2 Nc5 18. Rc2 Nfd7 {½-½ (30) Nikolenko,O (2450)-Bojczuk,Z (2295) Moscow 1991}) 16... Rfc8 17. Rfd1 Nc5 18. Bf1 Qd8 19. Nxc6 Rxc6 20. Nd5 (20. Qf2 {seems wilder.} Nfd7 21. Nb5 Qa5 22. h4 Ne6 23. h5) 20... Nxd5 21. exd5 Rcc8 22. Re1 Qb6 23. Rc2 Bf6 24. Qf2 Qa5 25. Bd2 Qb6 26. Bc3 (26. Bf4 {looks sharper.} Qc7 27. Rcc1 Re8 28. Rcd1 Rad8 29. g3) 26... Bxc3 27. Rxc3 Re8 28. Rce3 Qc7 29. Qh4 {[%cal Re3e7]} e5 30. f4 f5 31. g4 fxg4 $1 32. Qxg4 Qd7 (32... Qb6 $11) 33. Qxd7 $16 Nxd7 34. Bh3 $36 {[%mdl 2048] Keeping Black busy.} Nb6 35. b3 {[%cal Rf4e5]} axb3 36. axb3 Ra3 $2 (36... e4 $16 37. Be6+ (37. Rxe4 Rxe4 38. Rxe4 Kf8 $16) 37... Kg7) 37. Be6+ $18 {White is clearly winning.} Kg7 38. fxe5 {[%mdl 64] [#] Overworked Piece} dxe5 39. c5 Na8 40. Rf1 Rf8 41. Rxf8 Kxf8 42. d6 Ra1+ 43. Kg2 Rd1 44. Rxe5 b6 45. Rd5 {Accuracy: White = 46%, Black = 52%.} 1-0